000 00770nam a2200205 a 4500
008 060503s2006 ||||||||||||||||| || u
020 _a0821365614
050 _aIBRD(08)WP
100 _aWodon, Quentin
245 1 0 _aGender, time use, and poverty in Sub-Saharan Africa
_cedited by C. Mark Blackden and Quentin Wodon
260 _aWashington, D. C.
_bWorld Bank
_c2006
300 _axii; 152p. ; ill.
350 _a0.00
490 _aWorld Bank Working Papers
650 _aPOVERTY--SUB-SAHARAN AFRICA
650 _aGENDER
650 _aGENDER--SUB-SAHARAN AFRICA
700 _aBlackden, C. Mark
995 _D0.00
_FCBU-MAIN LIBRARY (Kitwe)
_H1
_I0.00
_M1
_UAVAILABLE
_WMay 3, 2006
_ZInternational Publications
999 _c44369
_d44369